000 00350nam a2200157Ia 4500
100 _aSoanes/Catherine
650 _aGeneral
942 _cRB
654 _adictionary
245 _aThe Compact Oxford Reference Dictionary
260 _bOxford university press
_c2001
082 _a25.3
_bSOA
300 _a990
546 _aENGLISH
999 _c34653
_d34653